NLSUI OPAC header image

Indian literature : Positions and propositions (Record no. 14368)

MARC details
000 -LEADER
fixed length control field 00427nam a2200157Ia 4500
008 - FIXED-LENGTH DATA ELEMENTS--GENERAL INFORMATION
fixed length control field 160316s1999 xxu||||| |||| 00| 0 eng d
082 ## - DEWEY DECIMAL CLASSIFICATION NUMBER
Classification number 891.100000
Item number SAT
100 ## - MAIN ENTRY--PERSONAL NAME
Personal name Satchidandan K
245 ## - TITLE STATEMENT
Title Indian literature : Positions and propositions
250 ## - EDITION STATEMENT
Edition statement
260 ## - PUBLICATION, DISTRIBUTION, ETC.
Place of publication, distribution, etc. Delhi
Name of publisher, distributor, etc. Pencraft International
Date of publication, distribution, etc. 1999
300 ## - PHYSICAL DESCRIPTION
Extent 247p
Other physical details
Dimensions
365 ## - TRADE PRICE
Price amount Rs.400
650 ## - SUBJECT ADDED ENTRY--TOPICAL TERM
Topical term or geographic name entry element 1. Indian Literature - Critical Essays
700 ## - ADDED ENTRY--PERSONAL NAME
Personal name
--
Holdings
Withdrawn status Lost status Damaged status Not for loan Home library Current library Shelving location Date acquired Cost, normal purchase price Total Checkouts Full call number Barcode Date last seen Price effective from Koha item type
        . .   30.05.2017 400.00   891.1 SAT 14573 30.05.2017 30.05.2017 BOOKs